Principles of Agricultural Engineering, Vol 2 / (Record no. 72)
[ view plain ]
| 000 -LEADER | |
|---|---|
| fixed length control field | 00385cam a2200169ua 4500 |
| 020 ## - INTERNATIONAL STANDARD BOOK NUMBER | |
| ISBN | 8186321152 |
| 082 ## - DEWEY DECIMAL CLASSIFICATION NUMBER | |
| Classification number | 631.1 |
| Item number | MIC/PR |
| 100 ## - MAIN ENTRY--AUTHOR NAME | |
| Personal name | Michael, A.M. |
| 245 ## - TITLE STATEMENT | |
| Title | Principles of Agricultural Engineering, Vol 2 / |
| 250 ## - EDITION STATEMENT | |
| Edition statement | 2 / 3 rd |
| 260 ## - PUBLICATION, DISTRIBUTION, ETC. (IMPRINT) | |
| Place of publication | New Delhi : |
| Name of publisher | Jain Brothers , |
| Year of publication | 2012 |
| 300 ## - PHYSICAL DESCRIPTION | |
| Number of Pages | 888 |
| 700 1# - ADDED ENTRY--PERSONAL NAME | |
| Personal name | Ojha, T.P. |
| 942 ## - ADDED ENTRY ELEMENTS (KOHA) | |
| Koha item type | Books |
| 003 - CONTROL NUMBER IDENTIFIER | |
| control field | @ |
| 003 - CONTROL NUMBER IDENTIFIER | |
| control field | OSt |
| Withdrawn status | Lost status | Damaged status | Home library | Current library | Date acquired | Full call number | Accession Number | Koha item type | Collection code | Shelving location | Source of acquisition | Cost, normal purchase price |
|---|---|---|---|---|---|---|---|---|---|---|---|---|
| KAUAET | KAUAET | 11/03/1986 | 631.1 | 15017 | Books | |||||||
| Damaged | KAUAET | KAUAET | 11/03/1986 | 631.1 | 15018 | Books | ||||||
| KAUAET | KAUAET | 11/03/1986 | 631.1 | 15019 | Books | |||||||
| KAUAET | KAUAET | 11/03/1986 | 631.1 MIC/PR | 15008 | Books | |||||||
| KAUAET | KAUAET | 11/03/1986 | 631.1 | 15005 | Books | |||||||
| KAUAET | KAUAET | 12/07/2016 | 631.1 MIC/PR | 24939 | Books | General Stacks | Aman Book Stall, Calicut | 395.00 | ||||
| KAUAET | KAUAET | 06/02/2023 | 631.1 MIC/PR | 24656 | Books |
